Les plus gros transferts du football - Nés en 2001 - Statistiques

Statistiques générales
  • Ce quiz a été pris 87 fois
  • Le résultat moyen est 8 sur 11
Statistiques - réponses
Montant de transfert (M €) Saison Nationalité Venant de Allant à Joueur % Correct
121,00 2022-2023 Argentine Benfica Chelsea Enzo Fernández
94%
44,25 2022-2023 Argentine River Plate Benfica Enzo Fernández
94%
60,00 2023-2024 Uruguay Sporting CP Paris SG Manuel Ugarte
88%
70,00 2022-2023 Ukraine Shakhtar D. Chelsea Mykhaylo Mudryk
86%
116,00 2023-2024 Équateur Brighton Chelsea Moisés Caicedo
81%
45,00 2019-2020 Brésil Santos Real Madrid Rodrygo
81%
65,00 2023-2024 Portugal Benfica Paris SG Gonçalo Ramos
79%
40,00 2023-2024 Pays-Bas VfL Wolfsburg Tottenham Micky van de Ven
79%
40,00 2023-2024 Pays-Bas Ajax Arsenal Jurrien Timber
58%
45,60 2022-2023 Angleterre FC Everton Newcastle United Anthony Gordon
49%
55,00 2023-2024 Pays de Galles Nottingham Forest Tottenham Brennan Johnson
31%
Aucun quiz correspondant
Distribution des résultats
% des personnes avec chaque résultat
Percentile par nombre de réponses
Votre historique - résultats
Vous n’avez pas pris ce quiz